000 00925nam a22003257a 4500
001 BR7908601
003 BR-BrBNA
005 20230928090401.0
007 ta
008 230509b bl.||||| |||| 00| 0 por d
040 _aBR-BrBNA
_bpor
_cBiblioteca Nacional de Agricultura
041 _a(Por)
072 _aE30
_b/G514
090 _ E30 BR7908601
110 1 _aMinisterio da Agricultura. Brasilia, DF (Brasil). Secretaria Geral
245 1 _aPlano Nacional de Desenvolvimento 75/79 [Brasil]
_bv. 1
260 3 _aBrasilia, DF (Brasil):
_c1979.
300 _a40 p.
650 _aDESENVOLVIMENTO AGRICOLA
650 _aPLANEJAMENTO AGRICOLA
650 _aDIRETRIZ
650 _aPRODUCAO
650 _aABASTECIMENTO
650 _aMODERNIZACAO ADMINISTRATIVA
650 _aRECURSO HUMANO
650 _aASSISTENCIA TECNICA
650 _aEXTENSAO RURAL
909 _a202309
_bLucia
_c55
_dLucia Elande
942 _cBK
999 _c28643
_d28643